| 000 | 02660nam a2200493 c 4500 | ||
|---|---|---|---|
| 003 | BLK | ||
| 005 | 20250110140426.0 | ||
| 008 | 180407b bul|||||r ||||||| ||bul|| | ||
| 010 | _aKNG00033140000 | ||
| 020 |
_a954-90-667-1-1 _bиздат.: Лъки-62 |
||
| 040 | _aBLK | ||
| 041 |
_aBUL _cBUL |
||
| 072 | 7 |
_2bullib _aЯ _xАвтографи |
|
| 080 |
_aПолитическо преследване. Терористични действия. Тероризъм - Атентати, политически убийства. Вж и 343.1 ; 343.3/.7 _b323.28 _x(497.2)(091)(092)(093.3) _z323.28(497.2)(091)(092)(093.3) |
||
| 080 |
_aОтрицателното отношение на населението към държавата. Несъгласие. Съпротива. Бунт. Вж и 329.73 _b323.22 _x(497.2)(091)(092)(093.3) _z323.22(497.2)(091)(092)(093.3) |
||
| 080 |
_aБългарски политически затворник, журналист и поет _b929 Заркин, Георги Атанасов _x _z929 Заркин, Георги Атанасов |
||
| 100 | 1 |
_aЗаркин, Лъчезар Георгиев _eпърви автор _9270866 |
|
| 139 |
_aЗаркин, Лъчезар Георгиев _bЗ 35 |
||
| 245 | 1 | 0 |
_aВулкан _bЧ. 1 - _cЛъчезар Георгиев Заркин. _nЧ. 1 |
| 257 | _aBGR | ||
| 260 |
_аСамоков _bЛъки-62 _c2000 - _fСофия : Д. Благоев |
||
| 300 |
_a143 с. _bс ил. _c23 см |
||
| 380 | _a3 | ||
| 500 | _aРилски бор - псевд. на Георги Заркин. - Офс. изд. | ||
| 600 | 1 | 4 |
_aЗаркин, Георги Атанасов _9366545 |
| 650 | 4 |
_aЗаркин, Георги Атанасов _9366545 |
|
| 650 | 4 |
_aВътрешна политика - България - спомени _9264658 |
|
| 650 | 4 |
_aПолитически репресии - България - спомени _9270867 |
|
| 650 | 4 |
_aЗатвори - България - спомени _9270868 |
|
| 650 | 4 |
_aБългария - вътрешна политика - спомени _9244126 |
|
| 651 | 4 |
_aБългария _9241624 |
|
| 653 | _aГеорги Заркин | ||
| 653 | _aполитически репресии | ||
| 653 | _aдисиденти | ||
| 653 | _aбългарски поети | ||
| 659 | _aЯ | ||
| 760 | 1 |
_aЗаркин, Лъчезар Георгиев _d2000 _h143 с. : със сн., факс. _tЧ. 1 |
|
| 852 | _aЦб 205304 | ||
| 856 | 4 |
_qpdf _u |
|
| 856 | 4 |
_qpdf _u |
|
| 942 |
_cKNG _n0 _03 |
||
| 944 |
_aCR _c15.01.2003 _lМинев Младен _k30530 |
||
| 944 |
_aED _c07.06.2016 _lф / _kЛюдмила_Стоянова |
||
| 999 |
_c30505 _d30505 |
||